00789nam a2200229 i 4500001000300000003000400003005001700007008003900024015001700063040001400080041000800094080001100102080001600113100002900129245006100158260009600219300004600315504002600361655005000387650002400437856009800461bgBPK20200511123150.0000114s1980 pl a f f |000 0 pol aPB 1981/1578 aWA NcBPK0 apol a624.13 a(075.8+076)1 aŚwieboda, IrenaeAutor10aMechanika gruntów :blaboratorium /cIrena Świeboda. aRzeszów :bWydaw. Uczelniane Politechniki Rzeszowskiej im. Ignacego Łukasiewicza,c1980. a158, [2] s. :bil., tab., wykr. ;c21 cm. aBibliogr. s. 157-158. 4aĆwiczenia i zadania dla szkół wyższych 4aMechanika gruntów uhttp://koha.tu.koszalin.pl/cgi-bin/koha/opac-detail.pl?biblionumber=19602yKatalog online BPK